NEW DIRECTIONS IN SOCIAL PSYCHOLOGY (Record no. 9203)
[ view plain ]
| 000 -LEADER | |
|---|---|
| fixed length control field | 00298nam a22001337a 4500 |
| 003 - CONTROL NUMBER IDENTIFIER | |
| control field | SGT |
| 082 ## - DEWEY DECIMAL CLASSIFICATION NUMBER | |
| Classification number | 616.89, N12B |
| 100 ## - MAIN ENTRY--PERSONAL NAME | |
| Personal name | BAUMEISTER, ROY F. |
| 245 ## - TITLE STATEMENT | |
| Title | NEW DIRECTIONS IN SOCIAL PSYCHOLOGY |
| 260 ## - PUBLICATION, DISTRIBUTION, ETC. (IMPRINT) | |
| Place of publication, distribution, etc | NEW DELHI |
| Name of publisher, distributor, etc | SAGE |
| Year of Publication | 2012 |
| 300 ## - PAGE DESCRIPTION | |
| No. of Pages | 487 |
| 650 ## - SUBJECT ADDED ENTRY--TOPICAL TERM | |
| Topical term or geographic name as entry element | PSYCHOLOGY |
| 942 ## - ADDED ENTRY ELEMENTS (KOHA) | |
| Source of classification or shelving scheme | Dewey Decimal Classification |
| Koha item type | Books |
| Withdrawn status | Lost status | Source of classification or shelving scheme | Damaged status | Not for loan | Collection code | Home library | Current library | Shelving location | Date acquired | Vendor Name | Cost, normal purchase price | Volume Information (Serial or Books or Non-Book Material) | SGTU | Bill Number | Full call number | Accession No. (Barcode) | Date last seen | Bill Date | Koha item type | Total Checkouts | Date last borrowed |
|---|---|---|---|---|---|---|---|---|---|---|---|---|---|---|---|---|---|---|---|---|---|
| Dewey Decimal Classification | Not For Loan | MEDICAL | SGT Medical Library | SGT Medical Library | Reference Book | 23/06/2016 | AHUJA BOOKS COMPANY | 80550.00 | I | SGTU | 6069 | 616.89, N12B | FM7601 | 23/06/2016 | 11/09/2015 | Books | |||||
| Dewey Decimal Classification | Not For Loan | MEDICAL | SGT Medical Library | SGT Medical Library | Reference Book | 23/06/2016 | AHUJA BOOKS COMPANY | II | SGTU | 6069 | 616.89, N12B | FM7602 | 23/06/2016 | 11/09/2015 | Books | ||||||
| Dewey Decimal Classification | Not For Loan | MEDICAL | SGT Medical Library | SGT Medical Library | Reference Book | 23/06/2016 | AHUJA BOOKS COMPANY | III | SGTU | 6069 | 616.89, N12B | FM7603 | 23/06/2016 | 11/09/2015 | Books | ||||||
| Dewey Decimal Classification | Not For Loan | MEDICAL | SGT Medical Library | SGT Medical Library | Reference Book | 23/06/2016 | AHUJA BOOKS COMPANY | IV | SGTU | 6069 | 616.89, N12B | FM7604 | 23/06/2016 | 11/09/2015 | Books | ||||||
| Dewey Decimal Classification | Not For Loan | MEDICAL | SGT Medical Library | SGT Medical Library | Reference Book | 23/06/2016 | AHUJA BOOKS COMPANY | V | SGTU | 6069 | 616.89, N12B | FM7605 | 14/05/2018 | 11/09/2015 | Books | 1 | 26/04/2018 |